Padre rico, padre pobre: Qué les enseñan los ricos a sus hijos acerca del dinero, ¡que los pobres y la clase media no!
Salvato in:
| Autore principale: | |
|---|---|
| Natura: | Libro |
| Lingua: | spagnolo |
| Pubblicazione: |
Santiago, Chile:
Aguilar; Penguin Random House,
2021.
|
| Edizione: | Vigesimoprimera edición. |
| Soggetti: | |
| Tags: |
Aggiungi Tag
Nessun Tag, puoi essere il primo ad aggiungerne!!
|
MARC
| LEADER | 00000nam a22000007a 4500 | ||
|---|---|---|---|
| 003 | CL-VaPUC | ||
| 005 | 20241203143731.0 | ||
| 008 | 241126t2021 ||||| |||| 00| 0 spa d | ||
| 999 | |c 445937 |d 445935 | ||
| 020 | |a 978-956-9582-27-1 | ||
| 040 | |c Pontificia Universidad Católica de Valparaíso | ||
| 082 | |2 22 |a 332.6 KIY 2021 | ||
| 100 | |9 565807 |a Kiyosaki, Robert T |e autor | ||
| 245 | |a Padre rico, padre pobre: |b Qué les enseñan los ricos a sus hijos acerca del dinero, ¡que los pobres y la clase media no! | ||
| 250 | |a Vigesimoprimera edición. |b Nueva edición actualizada. | ||
| 260 | |a Santiago, Chile: |b Aguilar; |b Penguin Random House, |c 2021. | ||
| 300 | |a 231 páginas. | ||
| 500 | |a c.1: Donación Familia Curauma. Memo CUR 20-11-2024. | ||
| 583 | |c 20241126 |k Yessy Sthefany Diaz Vidal | ||
| 650 | 0 | |9 887797 |a Educación financiera |x Finanzas personales | |
| 650 | 0 | |9 366387 |a Gestión de inversiones |x Obtención de dinero | |
| 942 | |2 ddc |c BK | ||
| 952 | |0 0 |1 0 |2 ddc |4 0 |6 332_600000000000000_KIY_2021 |7 0 |8 C |9 598281 |a BIBCUR |b BIBCUR |d 2024-11-26 |e Donación |i 5663436 |l 1 |o 332.6 KIY 2021 |p 5663436 |r 2025-04-22 |s 2024-12-10 |t 1 |w 2024-11-26 |y BK |k CAC | ||